| 000 | 00624nam a2200121Ia 4500 | ||
|---|---|---|---|
| 008 | 171212s9999 xx 000 0 und d | ||
| 100 | _aDarsey, James | ||
| 245 |
_cDarsey, James _aThe Prophetic Tradition and Radical Rhetoric in America |
||
| 260 |
_bNew York University Press _c1997 |
||
| 650 | _aPolitical oratory -- Social aspects -- United States; Rhetoric -- Social aspects -- United States; Radicalism -- United States; Prophecy -- Social aspects -- United States; United States -- Social conditions–1980–; Social problems -- United States | ||
| 650 | _aReligion | ||
| 856 | _uhttp://www.jstor.org/stable/j.ctt9qfckh | ||
| 999 |
_c351563 _d351563 |
||